Prager Musikleben zu Beginn des 20. Jahrhunderts /

Hlavní autor: Březina, Aleš, 1965-
Jazyk: Němčina
Vydáno: Bern : Peter Lang, 2000
Edice: Jahrbuch der Bohuslav Martinů-Stiftung
Témata:
Fyzický popis: 258 s. : il. ; 22 cm
Knihy
Uloženo v:
LEADER 01373nam a2200397 a 4500
001 000538702
003 CZ BrMZK
005 20081124121945.0
007 ta
008 000115s2000 gw f ger d
020 |a 3-906757-89-7 
040 |a BOA001  |b cze 
043 |a e-xr---  |b e-xr-pg  |2 czenas 
045 |a x-x- 
072 7 |a 78  |x Hudba  |2 Konspekt  |9 9 
080 |a 78  |2 MRF 
080 |a 78-027.22  |2 MRF 
080 |a 78.01  |2 MRF 
080 |a (437.311)  |2 MRF 
080 |a (062.534)  |2 MRF 
100 1 |a Březina, Aleš,  |d 1965-  |7 jn20010601682  |4 aut 
245 1 0 |a Prager Musikleben zu Beginn des 20. Jahrhunderts /  |c Aleš Březina. 
260 |a Bern :  |b Peter Lang,  |c 2000 
300 |a 258 s. :  |b il. ;  |c 22 cm 
490 1 |a Jahrbuch der Bohuslav Martinů-Stiftung ;  |v 1/1996 
541 |a Praha,Institut Bohuslava Martinů 
648 7 |a 20. století  |7 ch460558  |2 czenas 
650 0 7 |a hudba  |7 ph114719  |z Česko  |y 20. stol.  |2 czenas 
650 0 7 |a hudební život  |7 ph135177  |z Česko  |y 20. stol.  |2 czenas 
650 0 7 |a muzikologie  |7 ph115381  |2 czenas 
655 7 |a sborníky konferencí  |7 fd133333  |2 czenas 
651 7 |a Praha (Česko)  |7 ge118011  |2 czenas 
830 0 |a Jahrbuch der Bohuslav Martinů-Stiftung 
910 |a BOA001  |b 2-1079.144,1/1996 
990 |a BK 
996 7 |b 2610124732  |c 2-1079.144,1/1996  |l MZK  |r Sklad / do 1 hodiny  |n 5  |p dar  |w 000538702  |u 000010  |a 1  |e BOA001  |j MZK50  |s A